Republic of the Marshall Islands : Selected Issues and Statistical Appendix.

The strategy that has the best chance of allowing the Republic of Marshall Islands (RMI) to achieve fiscal sustainability after FY2023 involves substantial fiscal consolidation. The alternative (policy action) scenario involves a substantial fiscal adjustment starting in FY2009. Projections show tha...

Celý popis

Podrobná bibliografie
Korporativní autor: International Monetary Fund
Médium: Časopis
Jazyk:English
Vydáno: Washington, D.C. : International Monetary Fund, 2008.
Edice:IMF Staff Country Reports; Country Report ; No. 2008/186
On-line přístup:Full text available on IMF
LEADER 01665cas a2200241 a 4500
001 AALejournalIMF005158
008 230101c9999 xx r poo 0 0eng d
020 |c 5.00 USD 
020 |z 9781451825947 
022 |a 1934-7685 
040 |a BD-DhAAL  |c BD-DhAAL 
110 2 |a International Monetary Fund. 
245 1 0 |a Republic of the Marshall Islands :   |b Selected Issues and Statistical Appendix. 
264 1 |a Washington, D.C. :  |b International Monetary Fund,  |c 2008. 
300 |a 1 online resource (36 pages) 
490 1 |a IMF Staff Country Reports 
500 |a <strong>Off-Campus Access:</strong> No User ID or Password Required 
500 |a <strong>On-Campus Access:</strong> No User ID or Password Required 
506 |a Electronic access restricted to authorized BRAC University faculty, staff and students 
520 3 |a The strategy that has the best chance of allowing the Republic of Marshall Islands (RMI) to achieve fiscal sustainability after FY2023 involves substantial fiscal consolidation. The alternative (policy action) scenario involves a substantial fiscal adjustment starting in FY2009. Projections show that this strategy can succeed in achieving budgetary self-sufficiency. Fiscal consolidation will be difficult, and will have to be accompanied by structural reforms to improve real growth. Substantial fiscal consolidation in the short term is necessary to achieve budgetary self-sufficiency after 2023. 
538 |a Mode of access: Internet 
830 0 |a IMF Staff Country Reports; Country Report ;  |v No. 2008/186 
856 4 0 |z Full text available on IMF  |u http://elibrary.imf.org/view/journals/002/2008/186/002.2008.issue-186-en.xml  |z IMF e-Library